Bank Management (Record no. 7942)

MARC details
000 -LEADER
fixed length control field 00538nam a22002057a 4500
003 - CONTROL NUMBER IDENTIFIER
control field OSt
005 - DATE AND TIME OF LATEST TRANSACTION
control field 20220805120549.0
008 - FIXED-LENGTH DATA ELEMENTS--GENERAL INFORMATION
fixed length control field 220805b ||||| |||| 00| 0 eng d
020 ## - INTERNATIONAL STANDARD BOOK NUMBER
International Standard Book Number 9781133494683
040 ## - CATALOGING SOURCE
Transcribing agency DDC
082 ## - DEWEY DECIMAL CLASSIFICATION NUMBER
Edition number 8th ed
Classification number 332.1 KOC 2015
100 ## - MAIN ENTRY--PERSONAL NAME
Personal name Koch, Timothy
9 (RLIN) 16137
245 ## - TITLE STATEMENT
Title Bank Management
250 ## - EDITION STATEMENT
Edition statement 8th ed.
260 ## - PUBLICATION, DISTRIBUTION, ETC. (IMPRINT)
Place of publication, distribution, etc. Australia;
Name of publisher, distributor, etc. Cengage learning:
Date of publication, distribution, etc. 2015
300 ## - PHYSICAL DESCRIPTION
Extent xxi,178p;
Other physical details col,ill:
Dimensions 24cm
504 ## - BIBLIOGRAPHY, ETC. NOTE
Bibliography, etc Glossary and index included
650 ## - SUBJECT ADDED ENTRY--TOPICAL TERM
Topical term or geographic name as entry element Bank Management
9 (RLIN) 5315
942 ## - ADDED ENTRY ELEMENTS (KOHA)
Source of classification or shelving scheme Dewey Decimal Classification
Koha item type Open Shelf
Holdings
Withdrawn status Lost status Source of classification or shelving scheme Damaged status Not for loan Home library Current library Date acquired Source of acquisition Inventory number Total Checkouts Full call number Barcode Date last seen Koha item type Price effective from
    Dewey Decimal Classification     MUST Main Library MUST Main Library 05/08/2022 Purchase 22/41885   332.1 KOC 2015 2022-0756 05/08/2022 Open Shelf  
    Dewey Decimal Classification     MUST Main Library MUST Main Library 05/08/2022 Purchase 22/41884   332.1 KOC 2015 2022-0757 05/08/2022 Open Shelf 05/08/2022